D. D. Laurenthii Matthaeu et Sanz, jurisconsulti valentini, de consilio regiae atque Catholicae Majestatis... (Record no. 8667)
[ view plain ]
| 000 -CABECERA | |
|---|---|
| campo de control de longitud fija | 01591nam a2200241 a 4500 |
| 001 - NÚMERO DE CONTROL | |
| campo de control | BRCA_9016 |
| 005 - FECHA Y HORA DE LA ÚLTIMA TRANSACCIÓN | |
| campo de control | 20190320210508.0 |
| 008 - DATOS DE LONGITUD FIJA--INFORMACIÓN GENERAL | |
| campo de control de longitud fija | 200717s1776----sp-#######---#000-0#lat-# |
| 041 ## - CÓDIGO DE LENGUA | |
| Código de lengua del texto/banda sonora o título independiente | lat |
| 044 ## - CÓDIGO DEL PAÍS DE LA ENTIDAD EDITORA/PRODUCTORA | |
| Código MARC del país | sp |
| 084 ## - OTRO NÚMERO DE CLASIFICACIÓN | |
| Número de clasificación | LM39 |
| Número de documento/Ítem | .M38 1776 |
| 100 1# - ENTRADA PRINCIPAL--NOMBRE DE PERSONA | |
| Nombre de persona | Mateu y Sanz, Lorenzo |
| 9 (RLIN) | 22362 |
| 245 10 - MENCIÓN DE TÍTULO | |
| Título | D. D. Laurenthii Matthaeu et Sanz, jurisconsulti valentini, de consilio regiae atque Catholicae Majestatis... |
| 260 ## - PUBLICACIÓN, DISTRIBUCIÓN, ETC. | |
| Lugar de publicación, distribución, etc. | Matriti |
| Nombre del editor, distribuidor, etc. | Apud D. Antonium de Sancha, Typógraphum, & Bibliopólam |
| Fecha de publicación, distribución, etc. | 1776 |
| 300 ## - DESCRIPCIÓN FÍSICA | |
| Extensión | [47], 400 p. |
| Dimensiones | 34 x 23.5 cm |
| 500 ## - NOTA GENERAL | |
| Nota general | Superiorum permissu |
| 500 ## - NOTA GENERAL | |
| Nota general | Titulo completo: D. D. Laurenthii Matthaeu et Sanz, jurisconsulti valentini, de consilio regiae atque Catholicae Majestatis; olim in Valentina Regia Audientia Fiscalis, Praefecti & Senatoris, deinde in Aula Suprema Criminum Regiae Domus & Curiae, Praefecti ac Praesidis, & in Senatu Novi Orbis, Consiliarii Togati; demum in Sacro Supremo ac Regio Aragonum Consilio, Regentis Cancellariam; inclytae Militiae B. Mariae de Montesa, & S. Georgii de Alfama, purpurea tessera insigniti, Tractatus de re criminali, sive controversiarum usufrequentium in Causis Criminalibus, cum earum decisionibus, tam in Aula Suprema Hispana Criminum, quám in summo sematu Novi Orbis. |
| 500 ## - NOTA GENERAL | |
| Nota general | En portada: Editio novissima, prioribus emendatior, cum triplici indice controversiarum, jurium , ac recrum locupletissimo |
| 500 ## - NOTA GENERAL | |
| Nota general | Estado físico: presenta encuadernación en piel con cantos de color rojo |
| 650 14 - PUNTO DE ACCESO ADICIONAL DE MATERIA--TÉRMINO DE MATERIA | |
| Término de materia o nombre geográfico como elemento de entrada | Derecho penal |
| Subdivisión cronológica | Obras anteriores a 1800 |
| Subdivisión geográfica | España |
| 9 (RLIN) | 22363 |
| 902 ## - CATALOGADOR | |
| Iniciales | CFM |
| 942 ## - ELEMENTOS DE PUNTO DE ACCESO ADICIONAL (KOHA) | |
| Fuente del sistema de clasificación o colocación | Library of Congress Classification |
| Tipo de ítem Koha | Libros |
| Estado de retiro | Estado de pérdida | Estado dañado | No para préstamo | Localización permanente | Ubicación/localización actual | Fecha de adquisición | Total de préstamos | Signatura topográfica completa | Código de barras | Fecha visto por última vez | Precio válido a partir de | Tipo de ítem Koha |
|---|---|---|---|---|---|---|---|---|---|---|---|---|
| El ejemplar forma parte de la colección y puede ser consultado según las políticas vigentes. | Biblioteca del Museo Franz Mayer (Rogerio Casas-Alatriste) | Biblioteca del Museo Franz Mayer (Rogerio Casas-Alatriste) | 20/07/2017 | LM39 .M38 1776 | CFM00288 | 22/03/2019 | 22/03/2019 | Libros |